[Event "AUTO-OPEN-1764"]
[Site "http://www.queenalice.com/game.php?id=683735"]
[Date "2009.11.15"]
[Round "1"]
[White "muleki"]
[Black "breizhil"]
[Result "0-1"]
[WhiteElo "1615"]
[BlackElo "1752"]

1. e3 d5 2. d4 Nc6 3. Nh3 Bxh3 4. gxh3 e5 5. dxe5 Nxe5 6. e4 Nf6 7. f4 Nc6 8.
Be3 d4 9. Bf2 Bc5 10. a3 O-O 11. e5 Re8 12. b4 Bb6 13. Bc4 Ne4 14. O-O Nxf2 15.
Rxf2 d3 16. Qxd3 Bxf2+ 17. Kxf2 Qh4+ 18. Kf1 Qxf4+ 19. Ke1 Qxe5+ 20. Qe2 Qxa1
0-1

[Event "AUTO-OPEN-1764"]
[Site "http://www.queenalice.com/game.php?id=683770"]
[Date "2009.11.15"]
[Round "1"]
[White "muleki"]
[Black "elsoncg"]
[Result "0-1"]
[WhiteElo "1570"]
[BlackElo "1335"]

1. e3 e5 2. d4 exd4 3. Qxd4 Nc6 4. Qc3 Bb4 5. Qxb4 Nxb4 6. Na3 d6 7. g3 Bf5 8.
Be2 Nf6 9. b3 Nxc2+ 10. Nxc2 Bxc2 11. Nf3 Ne4 12. Nd4 Bxb3 13. Nxb3 Qf6 14. Rb1
Qxf2+ 15. Kd1 Qg2 16. Rf1 Nc3+ 17. Kc2 Nxe2 18. Bb2 Qxh2 19. Nd4 Nxd4+ 20. Kd3
Ne2 21. Rh1 Qg2 0-1

[Event "AUTO-OPEN-1764"]
[Site "http://www.queenalice.com/game.php?id=683771"]
[Date "2009.11.15"]
[Round "1"]
[White "elsoncg"]
[Black "muleki"]
[Result "1-0"]
[WhiteElo "1414"]
[BlackElo "1540"]

1. g3 e6 2. a3 d5 3. b4 Qf6 4. c3 Be7 5. f4 Qf5 6. Qa4+ Bd7 7. b5 c6 8. bxc6
Bxc6 9. Qa5 b6 10. e4 Qxe4+ 11. Be2 bxa5 12. Nf3 Qc2 13. O-O Bc5+ 14. Nd4 Bxd4+
15. cxd4 Qe4 16. Nc3 Qxd4+ 17. Rf2 Ba4 18. h4 Nf6 19. Bf3 e5 20. Bb2 Bc6 21. Re1
e4 22. Be2 O-O 23. d3 exd3 24. Bf3 d2 25. Rd1 Qe3 26. Rxd2 d4 27. Nd1 Qe6 28.
Rxd4 Qe1+ 29. Kg2 Bxf3+ 30. Rxf3 Nc6 31. Rc4 Qxd1 32. Rxc6 Rae8 33. g4 Nxg4 34.
Kg3 Qg1+ 35. Kh3 Re2 36. Rg3 Qh2+ 37. Kxg4 Rxb2 38. f5 h6 39. h5 Rg2 40. Rc3 Rd8
41. Rxg2 Rd4+ 42. Kf3 Qh3+ 43. Rg3 Qxf5+ 44. Kg2 Qxh5 45. Rc2 Qd1 46. Rf2 g5 47.
Rh3 Kg7 48. Rh1 1-0

[Event "AUTO-INT-1571"]
[Site "http://www.queenalice.com/game.php?id=709951"]
[Date "2010.1.7"]
[Round "1"]
[White "mestre_leonardo"]
[Black "muleki"]
[Result "1-0"]
[WhiteElo "1758"]
[BlackElo "1477"]

1. e4 d5 2. exd5 Qxd5 3. Nc3 Qe5+ 4. Nge2 Bf5 5. d3 Nc6 6. Bf4 Qe6 7. Bxc7 Nd4
8. a3 Nxe2 9. Bxe2 Qc6 10. Bg3 Qxg2 11. Rf1 Nf6 12. Bf3 Qh3 13. Bxb7 Rd8 14. Qf3
Bg4 15. Bc6+ Nd7 16. Qe3 e6 17. Qxa7 Bc5 18. Bxd7+ Rxd7 19. Qxc5 1-0

[Event "AUTO-INT-1571"]
[Site "http://www.queenalice.com/game.php?id=709952"]
[Date "2010.1.7"]
[Round "1"]
[White "muleki"]
[Black "mestre_leonardo"]
[Result "0-1"]
[WhiteElo "1549"]
[BlackElo "1630"]

1. e4 e5 2. Nf3 Nc6 3. d4 exd4 4. Nxd4 Nxd4 5. Qxd4 d6 6. Bc4 Qh4 7. O-O Nf6 8.
g3 Qh5 9. Nc3 Ng4 10. Kg2 Qxh2+ 11. Kf3 Qh5 0-1

[Event "AUTO-INT-1571"]
[Site "http://www.queenalice.com/game.php?id=709965"]
[Date "2010.1.7"]
[Round "1"]
[White "QuinhoFogo"]
[Black "muleki"]
[Result "1-0"]
[WhiteElo "1572"]
[BlackElo "1516"]

1. e4 d5 2. exd5 Qxd5 3. h3 Qe4+ 4. Ne2 Bf5 5. Nc3 Qxc2 6. Qxc2 Bxc2 7. Nd4 e5
8. Nxc2 Nc6 9. Bb5 O-O-O 10. Bxc6 bxc6 11. O-O Bc5 12. d3 Rxd3 13. Be3 Bxe3 14.
Nxe3 Nf6 15. Rad1 Rxd1 16. Ncxd1 Ne4 17. Nc4 Rd8 18. f3 1-0

[Event "AUTO-INT-1571"]
[Site "http://www.queenalice.com/game.php?id=709966"]
[Date "2010.1.7"]
[Round "1"]
[White "muleki"]
[Black "QuinhoFogo"]
[Result "0-1"]
[WhiteElo "1502"]
[BlackElo "1586"]

1. e4 e5 2. Nf3 Nc6 3. d4 exd4 4. Nxd4 Nf6 5. Nxc6 dxc6 6. Qxd8+ Kxd8 7. Bc4
Nxe4 8. O-O Be6 9. Bd3 Bf5 10. Nc3 Nxc3 11. bxc3 Bxd3 12. cxd3 Bc5 13. d4 Bb6
14. a3 c5 15. dxc5 Bxc5 16. Bg5+ f6 17. Rad1+ Bd6 0-1

[Event "AUTO-OPEN-1828"]
[Site "http://www.queenalice.com/game.php?id=710153"]
[Date "2010.1.8"]
[Round "1"]
[White "andrevillares"]
[Black "muleki"]
[Result "1-0"]
[WhiteElo "1994"]
[BlackElo "1487"]

1. d4 d6 2. c4 d5 3. Nc3 dxc4 4. e4 e5 5. d5 c6 6. Bxc4 Bd6 7. Nf3 Nf6 8. O-O
O-O 9. Bg5 Qd7 10. Bxf6 gxf6 11. Nh4 cxd5 12. Nxd5 1-0

[Event "AUTO-OPEN-1828"]
[Site "http://www.queenalice.com/game.php?id=710154"]
[Date "2010.1.8"]
[Round "1"]
[White "muleki"]
[Black "andrevillares"]
[Result "0-1"]
[WhiteElo "1489"]
[BlackElo "1992"]

1. e4 Nf6 2. d3 e5 3. Be3 Nc6 4. Nc3 Bb4 5. a3 Bxc3+ 6. bxc3 d6 7. Be2 O-O 8.
Nf3 Bg4 9. O-O d5 10. Ng5 Bxe2 11. Qxe2 h6 12. Nf3 dxe4 0-1

[Event "AUTO-OPEN-1828"]
[Site "http://www.queenalice.com/game.php?id=710179"]
[Date "2010.1.8"]
[Round "1"]
[White "muleki"]
[Black "holandes"]
[Result "0-1"]
[WhiteElo "1534"]
[BlackElo "1933"]

1. e4 e5 2. Nf3 Nc6 3. d4 d5 4. dxe5 dxe4 5. Bg5 Qxd1+ 6. Kxd1 exf3 7. gxf3 Nxe5
8. Nc3 Nxf3 9. Be3 Nf6 10. Be2 Bg4 11. Nd5 Nxd5 12. h3 Bh5 13. a4 O-O-O 14. Bxf3
Bxf3+ 15. Kc1 Bxh1 0-1

[Event "AUTO-OPEN-1828"]
[Site "http://www.queenalice.com/game.php?id=710180"]
[Date "2010.1.8"]
[Round "1"]
[White "holandes"]
[Black "muleki"]
[Result "1-0"]
[WhiteElo "1946"]
[BlackElo "1549"]

1. e4 d5 2. e5 f6 3. Nf3 Nc6 4. h3 Nxe5 5. d4 Nxf3+ 6. Qxf3 Be6 7. Nc3 Qd7 8.
Bf4 g5 9. Bh2 O-O-O 10. Bd3 g4 11. Qg3 Nh6 12. Bb5 c6 13. Qb8# 1-0

[Event "AUTO-OPEN-1828"]
[Site "http://www.queenalice.com/game.php?id=710181"]
[Date "2010.1.8"]
[Round "1"]
[White "muleki"]
[Black "jajaf1959"]
[Result "0-1"]
[WhiteElo "1534"]
[BlackElo "1813"]

1. e4 c5 2. d4 cxd4 3. Qxd4 Nc6 4. Qc3 e5 5. Be3 Bb4 6. Qxb4 Nxb4 7. Na3 Nf6 8.
Bc5 Qa5 9. Bxb4 Qxb4+ 10. c3 Qxb2 11. Rb1 Qxc3+ 0-1

[Event "AUTO-OPEN-1828"]
[Site "http://www.queenalice.com/game.php?id=710182"]
[Date "2010.1.8"]
[Round "1"]
[White "jajaf1959"]
[Black "muleki"]
[Result "1-0"]
[WhiteElo "1843"]
[BlackElo "1519"]

1. d4 d6 2. c4 e5 3. dxe5 dxe5 4. Qxd8+ Kxd8 5. Nc3 Bb4 6. Bd2 Nf6 7. e3 Nc6 8.
Bd3 Bxc3 9. Bxc3 Re8 10. Ne2 Be6 11. O-O-O e4 12. Bxe4+ Kc8 13. Bxc6 bxc6 14. b3
Ng4 15. Rdf1 1-0